000 00686nam a2200241 4500
001 37615
003 BD-RjUL
005 20211209052628.0
008 150203r19991993ii ||||| |||| 001 0 eng d
035 _a(BD-RjUL)37719
040 _aBD-RjUL
_beng
_cBD-RjUL
041 _aeng
082 _219
_a635
_bVEG 1999
245 _aVegetable Crops /
_cEdtied by T.K. Bose, M.G. Som and J. Kabir.
260 _aCalcutta :
_bNaya Prokash,
_c1993 [reprint 1999].
300 _a959 p. ;
_c26 cm.
500 _aIncludes index.
650 _aVegetable gardening.
_9115669
700 _aBose, T.K.
_9115666
700 _aSom, M.G.
_9115670
700 _aKabir, J.
_9115671
942 _2ddc
_cBK
999 _c37615
_d37615